000 00650nam a2200253Ia 4500
003 OSt
005 20220912152226.0
006 a|||||r|||| 00| 0
007 ta
008 220909b |||||||| |||| 00| 0 eng d
024 _a56825
037 _cTextual
040 _aCSL
_beng
_cCSL
041 _aeng
082 _aJ3, K4 CS
100 _aSrivastava J K
245 0 _aKitchen gardening
260 _c1964
300 _ap.
_ccm.
490 _aNAtional council of educational research and training, agriculture circle
650 _aAgriculture
942 _hJ3, K4 CS
_cTEXL
_2CC
999 _c82580
_d82580